00566nam a2200181 a 45000010010000000030011000100080041000210350026000620820018000881000020001062450042001262600055001686500024002239420012002479520090002599980020003499990015003690000-8552ELIB.Books110520 1958  a(ELIB.Books)0000-8698 a268.635 bRum aRumpf, Oscar J. aThe use of Audiovisuals in the Chruch bPhiladelphia; The Christian Education Press c1958 aChristian Education 2ddccBK 00102ddc4070aKBTSbKBTSd2011-05-20l0p1221r2022-01-22 00:00:00w2022-01-22yBK cbate2011-05-20 c8552d8552